Sổ tray thư tín thươưng mại quốc tế = International business correspondance handbook
Salvato in:
| Autore principale: | |
|---|---|
| Natura: | Libro |
| Lingua: | Undetermined |
| Pubblicazione: |
Tp. HCM
Nxb. Tp. HCM
2000
|
| Soggetti: | |
| Tags: |
Aggiungi Tag
Nessun Tag, puoi essere il primo ad aggiungerne! !
|
| Thư viện lưu trữ: | Trung tâm Học liệu Trường Đại học Cần Thơ |
|---|
| LEADER | 00604nam a2200181Ia 4500 | ||
|---|---|---|---|
| 001 | CTU_42105 | ||
| 008 | 210402s9999 xx 000 0 und d | ||
| 082 | |a 808.066382 | ||
| 082 | |b H758 | ||
| 100 | |a Ron Holt | ||
| 245 | 0 | |a Sổ tray thư tín thươưng mại quốc tế | |
| 245 | 0 | |b = International business correspondance handbook | |
| 245 | 0 | |c Ron Holt, Nguyễn Quốc Hùng, Nick Sampson | |
| 260 | |a Tp. HCM | ||
| 260 | |b Nxb. Tp. HCM | ||
| 260 | |c 2000 | ||
| 650 | |a business communication,commercial correspondence | ||
| 980 | |a Trung tâm Học liệu Trường Đại học Cần Thơ | ||